Los celtas y la expansión céltica hasta la época de la Tene

Bewaard in:
Bibliografische gegevens
Hoofdauteur: Hubert, Henri (Auteur)
Formaat: Boek
Taal:Spaans
Gepubliceerd in: Ciudad de México U.T.E.H.A 1957
Reeks:La Evolución de la Humanidad, XXIII
Onderwerpen:
Tags: Voeg label toe
Geen labels, Wees de eerste die dit record labelt!

MARC

LEADER 00000nam a2200000 a 4500
001 UCV9294
003 CL-VaPUC
008 920805e19570000MX |||||||||||||||||spa|d
082 0 4 |a 936.4  |b HUB  |2 21 
100 |a Hubert, Henri  |e author  |9 439318 
245 1 4 |a Los celtas y la expansión céltica hasta la época de la Tene 
300 |a 293 p 
942 |c BK 
945 |d 19920805 00:00:00 
260 |a Ciudad de México  |b U.T.E.H.A  |c 1957 
650 7 |a CELTAS  |2 CL-VaPUC  |9 265859 
583 |a last modification  |c 19920805 00:00:00  |k Rodrigo Vera 
490 0 |a La Evolución de la Humanidad, XXIII 
999 |c 214656  |d 214654 
952 |0 0  |1 0  |4 0  |6 936_400000000000000_HUB_1957  |7 0  |8 A  |9 198269  |a BIBARQ  |b BIBARQ  |d 2019-11-14  |i 2657783  |l 1  |m 1  |o 936.4 HUB 1957  |p 2657783  |r 2025-01-20  |s 2024-09-16  |w 2019-11-14  |y BK  |k ARQ 
952 |0 0  |1 0  |4 0  |6 936_400000000000000_HUB_1957  |7 0  |8 A  |9 198270  |a BIBHIS  |b BIBHIS  |d 2019-11-14  |i 1368435  |o 936.4 HUB 1957  |p 1368435  |r 2025-01-20  |w 2019-11-14  |y BK  |k HIS